| 000 | 00635cab a2200181 4500 | ||
|---|---|---|---|
| 001 | L130507 | ||
| 008 | 050808n2005 000 0 eng u | ||
| 035 | _a(Sirsi) u130507 | ||
| 041 | _aeng | ||
| 100 | _aRoberts, Gwyn | ||
| 245 | _aShafts of light | ||
| 260 | _c2005 | ||
| 490 |
_aProperty Week _v70(31) 5 August 2005, 38-39(2) |
||
| 520 | _aDiscusses the National Coalfields Programme of regenerating 101 former coalfield sites. Looks at the physical regeneration but also considers social issues such as education and job creation. | ||
| 590 | _aIKA160805 | ||
| 690 | _aPROPERTY-PROPERTY MANAGEMENT-REGENERATION | ||
| 942 | _n0 | ||
| 999 |
_c75660 _d75660 |
||